<?xml version="1.0" encoding="UTF-8"?>
<record
    xmlns:xsi="http://www.w3.org/2001/XMLSchema-instance"
    xsi:schemaLocation="http://www.loc.gov/MARC21/slim http://www.loc.gov/standards/marcxml/schema/MARC21slim.xsd"
    xmlns="http://www.loc.gov/MARC21/slim">

  <leader>01071cam a2200229Ii 4500</leader>
  <datafield tag="020" ind1=" " ind2=" ">
    <subfield code="a">9781413319934 (pbk.)</subfield>
  </datafield>
  <datafield tag="020" ind1=" " ind2=" ">
    <subfield code="a">1413319939 (pbk.)</subfield>
  </datafield>
  <datafield tag="022" ind1="0" ind2=" ">
    <subfield code="a">2331-7027</subfield>
  </datafield>
  <datafield tag="040" ind1=" " ind2=" ">
    <subfield code="c">QBX</subfield>
  </datafield>
  <datafield tag="082" ind1="0" ind2="4">
    <subfield code="a">345 NOL 2013 A114 Or.</subfield>
  </datafield>
  <datafield tag="082" ind1="1" ind2="4">
    <subfield code="a">345.73</subfield>
  </datafield>
  <datafield tag="100" ind1="1" ind2=" ">
    <subfield code="a">Bergman, Paul,</subfield>
  </datafield>
  <datafield tag="245" ind1="1" ind2="0">
    <subfield code="a">Criminal law :</subfield>
    <subfield code="b">a desk reference /</subfield>
  </datafield>
  <datafield tag="250" ind1=" " ind2=" ">
    <subfield code="a">2nd edition.</subfield>
  </datafield>
  <datafield tag="300" ind1=" " ind2=" ">
    <subfield code="a">401 pages ;</subfield>
    <subfield code="c">23 cm</subfield>
  </datafield>
  <datafield tag="520" ind1=" " ind2=" ">
    <subfield code="a">"Unravels the mysteries of criminal law with a plain-English style that incorporates real-life examples, famous films and entertaining hypotheticals. Arranged from A to Z, this desk reference explains criminal law, from abuse excuse to writ of habias corpus"--Provided by publisher.</subfield>
  </datafield>
  <datafield tag="650" ind1=" " ind2="0">
    <subfield code="a">Criminal law</subfield>
  </datafield>
  <datafield tag="650" ind1=" " ind2="0">
    <subfield code="a">Criminal procedure</subfield>
  </datafield>
  <datafield tag="650" ind1=" " ind2="0">
    <subfield code="a">Criminal justice, Administration of</subfield>
  </datafield>
  <datafield tag="856" ind1="4" ind2="0">
    <subfield code="u">http://web.a.ebscohost.com.lib.pepperdine.edu/lirc/results?sid=2462fce2-c405-4e00-85ab-253c0acc0038%40sessionmgr4001&amp;vid=32&amp;hid=4114&amp;bquery=JN+%22Criminal+Law%3a+Desk+Reference%22+AND+DT+20131201&amp;bdata=JnR5cGU9MCZzaXRlPWxpcmMtbGl2ZQ%3d%3d</subfield>
  </datafield>
  <datafield tag="942" ind1=" " ind2=" ">
    <subfield code="c">AEDBB</subfield>
  </datafield>
  <datafield tag="999" ind1=" " ind2=" ">
    <subfield code="c">17449</subfield>
    <subfield code="d">17449</subfield>
  </datafield>
  <datafield tag="952" ind1=" " ind2=" ">
    <subfield code="0">0</subfield>
    <subfield code="1">0</subfield>
    <subfield code="4">0</subfield>
    <subfield code="6">345_000000000000000_NOL_2013_A114_OR</subfield>
    <subfield code="7">0</subfield>
    <subfield code="9">75715</subfield>
    <subfield code="a">LBA</subfield>
    <subfield code="b">LBA</subfield>
    <subfield code="c">A114</subfield>
    <subfield code="d">2018-11-27</subfield>
    <subfield code="o">345 NOL 2013 A114 Or.</subfield>
    <subfield code="p">A37915</subfield>
    <subfield code="r">2018-11-27</subfield>
    <subfield code="y">EK</subfield>
  </datafield>
  <datafield tag="952" ind1=" " ind2=" ">
    <subfield code="0">0</subfield>
    <subfield code="1">0</subfield>
    <subfield code="4">0</subfield>
    <subfield code="6">345_000000000000000_NOL_2013_A114_OR</subfield>
    <subfield code="7">0</subfield>
    <subfield code="9">75716</subfield>
    <subfield code="a">LBA</subfield>
    <subfield code="b">LBA</subfield>
    <subfield code="c">A114</subfield>
    <subfield code="d">2018-11-27</subfield>
    <subfield code="o">345 NOL 2013 A114 Or.</subfield>
    <subfield code="p">A36225</subfield>
    <subfield code="r">2018-11-27</subfield>
    <subfield code="y">EK</subfield>
  </datafield>
</record>
